[Event "Oskarja Memorial 10th"]
[Site "Chess.com INT"]
[Date "2021.01.16"]
[Round "11"]
[White "Grein, Bogomir"]
[Black "Stojakovic, Igor"]
[Result "1-0"]
[WhiteElo "1731"]
[BlackElo "1860"]
[PlyCount "41"]
[EventDate "2021.01.16"]
[EventType "swiss (blitz)"]
[EventRounds "15"]
[EventCountry "SLO"]
[SourceTitle "CBM 200 Extra"]
[Source "ChessBase"]
[SourceDate "2021.03.31"]
[SourceVersion "1"]
[SourceVersionDate "2021.03.31"]
[SourceQuality "1"]

1. e4 e5 2. f4 d6 3. Nf3 Nc6 4. d3 Nf6 5. Be2 Be7 6. 0-0 0-0 7. Qe1 d5 8. Nc3 d4 9. Nb1 exf4 10. Bxf4 Nb4 11. Bd1 c5 12. Nbd2 Re8 13. h3 b6 14. a3 Nc6 15. Nh2 Bd6 16. Bg5 Bxh2+ 17. Kxh2 Qd6+ 18. Kg1 h6 19. Bxf6 gxf6 20. Qh4 Kh7 21. Rxf6 1-0